| 000 | 00773nam a2200217 a 4500 | ||
|---|---|---|---|
| 001 | 9491 | ||
| 003 | CO-ViMGA | ||
| 008 | 141112s2004 ck r 000 u spa d | ||
| 040 |
_aCO-ViMGA _bspa _cCO-ViMGA |
||
| 082 | 0 | 4 | _a158.2 D151c |
| 100 | 1 |
_aDana, Daniel _910488 |
|
| 245 | 1 | 0 |
_aCómo pasar del conflicto al acuerdo : _bUn metodo en 4 etapas para poner fin a las relaciones conflictivas en la vida privada y profesional |
| 260 |
_aBogotá; Norma, _c1992 |
||
| 300 | _a169 | ||
| 490 | _aAutoayuda | ||
| 505 | _aEl desafío 3 - - El metodo de los cuatro pasos 37 - - Limitaciones 73 - - Mediación 95 - - Porque funciona 107 | ||
| 650 | 1 | 4 |
_aCONFLICTO (PSICOLOGIA) _910489 |
| 650 | 1 | 4 | _aRELACIONES HUMANAS |
| 650 | 1 | 4 |
_aSOLUCION DE PROBLEMAS _910490 |
| 942 |
_2ddc _cBK |
||
| 999 |
_c20989 _d20989 |
||